000 00389nam a2200157Ia 4500
008 230711s9999||||xx |||||||||||||| ||und||
041 _aENG
082 _a720
_bZE-H
100 _aZellner,Peter
245 0 _aHybried spaces : new forms in digital Architecture
250 _a1st . Ed.
260 _c1999
_aLondon
_bThames & Hudson
300 _a191
650 _aArchitecture
942 _cBK
999 _c4333
_d4333